[Event "PRO League Group Stage"]
[Site "chess.com INT"]
[Date "2018.03.07"]
[Round "9"]
[White "Duijn, Rob"]
[Black "Kjartansson, David"]
[Result "1-0"]
[BlackTitle "FM"]
[WhiteElo "2180"]
[BlackElo "2409"]
[WhiteTeam "Amsterdam Mosquitoes"]
[BlackTeam "Reykjavik Puffins"]
[WhiteFideId "1014501"]
[BlackFideId "2301130"]
[EventDate "2018.01.18"]

1. d4 d5 2. Nf3 Nf6 3. Bf4 c6 4. c3 g6 5. Nbd2 Bg7 6. Qa4 Nbd7 7. e3 O-O 8. Be2
Nh5 9. Bg3 Nxg3 10. hxg3 e5 11. dxe5 Nxe5 12. Nxe5 Bxe5 13. Nf3 Bg7 14. g4 Re8
15. g5 Re4 16. Qc2 Bg4 17. Bd3 Re8 18. O-O-O b5 19. Rh4 Bxf3 20. gxf3 Qxg5 21.
Rdh1 a5 22. Rxh7 b4 23. f4 Qf6 24. f5 gxf5 25. Bxf5 Kf8 26. Rg1 Bh8 27. cxb4
axb4 28. Kb1 Rad8 29. Rgh1 Bg7 30. Rg1 Bh8 31. Rh5 Ke7 32. Bh3 Kd6 33. Rf5 Qh6
34. Bf1 Re7 35. Bd3 Rb8 36. Rc1 Kd7 37. Rxd5+ Kc7 38. Rc5 Rb6 39. Bb5 Re6 40.
Bc4 Rd6 41. Bxf7 Qf6 42. Bb3 Rb8 43. Ba4 Rb6 44. f4 Bg7 45. Bb3 Bf8 46. Rf5 Qd8
47. Rf7+ Kb8 48. Qf5 Be7 49. Qe5 Rb7 50. Rxc6 Rd7 51. Qb5+ Rb7 52. Rxd6 Qxd6 53.
Qd5 Qb6 54. Qe5+ Ka7 55. Rxe7 1-0

[Event "PRO League Group Stage"]
[Site "chess.com INT"]
[Date "2018.03.07"]
[Round "9"]
[White "Chu, Ruotong"]
[Black "Nakamura, Hikaru"]
[Result "0-1"]
[BlackTitle "GM"]
[WhiteElo "2267"]
[BlackElo "2781"]
[WhiteTeam "Chengdu Pandas"]
[BlackTeam "Seattle Sluggers"]
[WhiteFideId "8605653"]
[BlackFideId "2016192"]
[EventDate "2018.01.18"]

1. d4 Nf6 2. c4 g6 3. Nc3 d5 4. Bf4 Bg7 5. Nf3 O-O 6. Rc1 c6 7. e3 Be6 8. Ng5
Bg4 9. Nf3 Qb6 10. Qb3 Bxf3 11. gxf3 Qxb3 12. axb3 e6 13. Be5 Nbd7 14. f4 Rfc8
15. c5 Bf8 16. Bxf6 Nxf6 17. Bd3 a5 18. Na4 Nd7 19. Ke2 Rab8 20. Ra1 Be7 21.
Rhc1 Bd8 22. Rc3 Bc7 23. b4 axb4 24. Rb3 Ba5 25. Nb6 Bxb6 26. cxb6 Ra8 27. Rxa8
Rxa8 28. Rxb4 Kf8 29. f3 Ra1 30. e4 f5 31. exf5 exf5 32. Kf2 Ke7 33. Kg3 Kd6 34.
Bc2 Nf8 35. Rb3 Ne6 36. Rd3 Ra2 37. Bd1 Rxb2 38. Bb3 Rg2+ 0-1

[Event "PRO League Group Stage"]
[Site "chess.com INT"]
[Date "2018.03.07"]
[Round "9"]
[White "Chu, Ruotong"]
[Black "Margvelashvili, Giorgi"]
[Result "0-1"]
[BlackTitle "GM"]
[WhiteElo "2267"]
[BlackElo "2530"]
[WhiteTeam "Chengdu Pandas"]
[BlackTeam "Seattle Sluggers"]
[WhiteFideId "8605653"]
[BlackFideId "13602926"]
[EventDate "2018.01.18"]

1. d4 Nf6 2. c4 e6 3. g3 c5 4. d5 exd5 5. cxd5 d6 6. Nc3 g6 7. Bg2 Bg7 8. Nf3
O-O 9. O-O Nbd7 10. h3 a6 11. a4 Re8 12. Bf4 Qe7 13. Re1 Nh5 14. Bg5 Qf8 15. e4
Ne5 16. g4 h6 17. Be3 Nxf3+ 18. Qxf3 Nf6 19. Bxh6 Bxh6 20. Qxf6 Bg7 21. Qf3 Rb8
22. a5 b5 23. axb6 Rxb6 24. Ra2 f5 25. gxf5 gxf5 26. Re2 fxe4 27. Qxf8+ Kxf8 28.
Nxe4 Bd4 29. h4 Bf5 30. Kf1 Re7 31. Ra3 Bg4 32. f3 Bd7 33. Ke1 Bxb2 34. Ra2 Be5
35. h5 Bb5 36. Rec2 Bd3 37. Rc1 Rh7 38. Ra3 c4 39. Nc3 Bg3+ 40. Kd1 Rxh5 41. Ne2
Be5 42. f4 Bb2 43. Rca1 Bxa3 44. Rxa3 Rb1+ 45. Kd2 Rb2+ 46. Kc3 Rc2+ 47. Kd4
Bxe2 48. Rxa6 Rh2 49. Be4 Bd3 50. Rxd6 Bxe4 51. Kxe4 c3 52. Kf5 Ke7 53. Re6+ Kd7
54. Rg6 Rcd2 55. Ke5 Rhe2+ 56. Kf6 Rxd5 0-1

[Event "PRO League Group Stage"]
[Site "chess.com INT"]
[Date "2018.03.07"]
[Round "9"]
[White "Sadorra, Julio Catalino"]
[Black "Khachiyan, Melikset"]
[Result "1-0"]
[WhiteTitle "GM"]
[BlackTitle "GM"]
[WhiteElo "2539"]
[BlackElo "2522"]
[WhiteTeam "Dallas Destiny"]
[BlackTeam "Las Vegas Desert Rats"]
[WhiteFideId "5201268"]
[BlackFideId "13300512"]
[EventDate "2018.01.18"]

1. d4 Nf6 2. c4 g6 3. Nc3 d5 4. cxd5 Nxd5 5. e4 Nxc3 6. bxc3 Bg7 7. Be3 c5 8.
Nf3 Qa5 9. Qd2 O-O 10. Rc1 cxd4 11. cxd4 Qxd2+ 12. Nxd2 Rd8 13. d5 e6 14. Bc4
exd5 15. Bxd5 Nc6 16. Rb1 Bd4 17. Bg5 Re8 18. O-O Na5 19. Nb3 Nxb3 20. Rxb3 Bb6
21. Rf3 Be6 22. Bxb7 Rab8 23. Bd5 Bxd5 24. exd5 Rb7 25. h4 Rd7 26. Rd1 Re2 27.
Bf6 Bd8 28. Bxd8 Rxd8 29. Ra3 Rd7 30. d6 f5 31. Rc1 Rd2 32. Rc7 R2xd6 33. Rcxa7
Rd1+ 34. Kh2 Kg7 35. Rxd7+ Rxd7 36. Ra6 Kh6 37. g3 Kh5 38. Kg2 Rd2 39. Ra7 h6
40. Ra5 Rb2 41. Kh3 g5 42. Rxf5 Kg6 43. Ra5 Rxf2 44. hxg5 hxg5 45. Kg4 Kf6 46.
Ra6+ Kf7 47. Kxg5 Rg2 48. g4 Rg1 49. Ra7+ Ke6 50. a4 1-0

[Event "PRO League Group Stage"]
[Site "chess.com INT"]
[Date "2018.03.07"]
[Round "9"]
[White "Sadorra, Julio Catalino"]
[Black "Yanayt, Eugene"]
[Result "1-0"]
[WhiteTitle "GM"]
[BlackTitle "FM"]
[WhiteElo "2539"]
[BlackElo "2203"]
[WhiteTeam "Dallas Destiny"]
[BlackTeam "Las Vegas Desert Rats"]
[WhiteFideId "5201268"]
[BlackFideId "2020165"]
[EventDate "2018.01.18"]

1. d4 Nf6 2. c4 g6 3. Nc3 Bg7 4. e4 d6 5. h3 O-O 6. Be3 e5 7. d5 c6 8. Bd3 a6 9.
Nge2 b5 10. dxc6 b4 11. Nd5 Nxc6 12. Bg5 Be6 13. Qd2 a5 14. O-O Nb8 15. f4 Bxd5
16. fxe5 dxe5 17. cxd5 Qb6+ 18. Be3 Qd6 19. Rac1 Nfd7 20. Bb5 f5 21. Bxd7 Qxd7
22. d6 Ra6 23. Rfd1 f4 24. Qd5+ Kh8 25. Rc7 Qa4 26. b3 Qxa2 27. Nxf4 exf4 28.
Bd4 Rg8 29. Bxg7+ Rxg7 30. Rc8+ Rg8 31. Rxg8# 1-0

[Event "PRO League Group Stage"]
[Site "chess.com INT"]
[Date "2018.03.07"]
[Round "9"]
[White "Ter-Sahakyan, Samvel"]
[Black "Karavade, Eesha"]
[Result "1-0"]
[WhiteTitle "GM"]
[BlackTitle "IM"]
[WhiteElo "2563"]
[BlackElo "2386"]
[WhiteTeam "Armenia Eagles"]
[BlackTeam "Mumbai Movers"]
[WhiteFideId "13302531"]
[BlackFideId "5012600"]
[EventDate "2018.01.18"]

1. e4 e5 2. Nf3 Nc6 3. Bb5 Nf6 4. Nc3 Bb4 5. O-O O-O 6. d3 Bxc3 7. bxc3 d6 8.
Bg5 Ne7 9. Nh4 Ng6 10. Nxg6 hxg6 11. f4 Qe7 12. Bc4 exf4 13. Bxf4 Be6 14. Bb3 d5
15. exd5 Bxd5 16. Qd2 Rfe8 17. Rae1 Qc5+ 18. Be3 Qc6 19. Bd4 Rxe1 20. Rxe1 Re8
21. Rf1 Bxb3 22. axb3 a6 23. Qf2 Re6 24. h3 Qe8 25. Qf3 c6 26. c4 Re2 27. Rf2
Rxf2 28. Kxf2 Nd7 29. Qf4 Qd8 30. h4 Nf8 31. Be3 Ne6 32. Qe4 Qf6+ 33. Ke2 b5 34.
d4 bxc4 35. bxc4 a5 36. d5 cxd5 37. cxd5 Nc7 38. c4 Qd6 39. Bf4 Qc5 40. Bxc7
Qxc7 41. Qd4 Qe7+ 42. Kd1 a4 43. d6 Qd8 44. Kc2 a3 45. Kb3 Kf8 46. Kxa3 Ke8 47.
c5 Kd7 48. Qa4+ Ke6 49. Qg4+ Kd5 50. Qg5+ Kc6 51. Qxd8 1-0

[Event "PRO League Group Stage"]
[Site "chess.com INT"]
[Date "2018.03.07"]
[Round "9"]
[White "Ter-Sahakyan, Samvel"]
[Black "Swapnil, S. Dhopade"]
[Result "0-1"]
[WhiteTitle "GM"]
[BlackTitle "GM"]
[WhiteElo "2563"]
[BlackElo "2533"]
[WhiteTeam "Armenia Eagles"]
[BlackTeam "Mumbai Movers"]
[WhiteFideId "13302531"]
[BlackFideId "5019184"]
[EventDate "2018.01.18"]

1. e4 c6 2. d4 d5 3. exd5 cxd5 4. Bd3 Nc6 5. c3 Nf6 6. Bf4 Bg4 7. Qb3 Qd7 8. Nd2
e6 9. Ngf3 Bd6 10. Bxd6 Qxd6 11. O-O O-O 12. Rae1 Bxf3 13. Nxf3 Qc7 14. Qc2 g6
15. Qd2 Kg7 16. Re3 Rab8 17. a4 a6 18. Rfe1 Qf4 19. Qd1 b5 20. axb5 axb5 21. b4
Rfc8 22. h3 Qc7 23. Nd2 Ne7 24. Bc2 Nf5 25. Bxf5 gxf5 26. Nb3 Ne4 27. Nc5 Kh8
28. Na6 Qf4 29. Rf3 Qg5 30. Nxb8 Rxb8 31. Qc1 h6 32. Qxg5 hxg5 33. g4 f4 34. Ra1
Rc8 35. h4 Kg7 36. Kg2 gxh4 37. Rxf4 Rxc3 38. Ra7 Ng5 39. Rb7 Rb3 40. Rxb5 h3+
41. Kh2 Nf3+ 42. Rxf3 Rxf3 43. Rb8 Rxf2+ 44. Kxh3 Rd2 45. b5 Rxd4 46. b6 Rb4 47.
b7 Kf6 48. Kg3 Ke5 49. g5 Rb3+ 50. Kg4 d4 51. Kh5 Rh3+ 52. Kg4 Rb3 53. Kh5 Ke4
54. Kh6 d3 55. Kg7 d2 56. Rd8 Rxb7 57. Rxd2 Kf5 58. Kh6 e5 59. Rd6 e4 60. Rf6+
Kg4 61. Kg7 Kxg5 0-1

[Event "PRO League Group Stage"]
[Site "chess.com INT"]
[Date "2018.03.07"]
[Round "9"]
[White "Olafsson, Helgi"]
[Black "Admiraal, Miguoel"]
[Result "0-1"]
[WhiteTitle "GM"]
[BlackTitle "IM"]
[WhiteElo "2508"]
[BlackElo "2453"]
[WhiteTeam "Reykjavik Puffins"]
[BlackTeam "Amsterdam Mosquitoes"]
[WhiteFideId "2300010"]
[BlackFideId "1019716"]
[EventDate "2018.01.18"]

1. d4 d5 2. Nf3 Nf6 3. c4 e6 4. e3 Be7 5. Nbd2 O-O 6. Bd3 c5 7. dxc5 Na6 8. a3
Nxc5 9. Bc2 dxc4 10. Nxc4 Qxd1+ 11. Kxd1 b6 12. Ke2 Ba6 13. Nd2 Rac8 14. b3 Nd5
15. Bb2 b5 16. Ne5 Na4 17. Bxh7+ Kxh7 18. bxa4 b4+ 19. Kd1 bxa3 20. Bxa3 Nc3+
21. Ke1 Bxa3 22. Rxa3 Nb1 23. Nxb1 Rc1+ 24. Kd2 Rxh1 25. Kc2 Rxh2 26. Nd2 Rxg2
27. Ne4 Bb7 28. Nd6 Rxf2+ 29. Kc3 Ba8 30. Kb4 f6 31. Nd3 Rd2 32. Kc5 Rd8 33. a5
Rxd6 0-1

[Event "PRO League Group Stage"]
[Site "chess.com INT"]
[Date "2018.03.07"]
[Round "9"]
[White "Olafsson, Helgi"]
[Black "Van Wely, Loek"]
[Result "0-1"]
[WhiteTitle "GM"]
[BlackTitle "GM"]
[WhiteElo "2508"]
[BlackElo "2656"]
[WhiteTeam "Reykjavik Puffins"]
[BlackTeam "Amsterdam Mosquitoes"]
[WhiteFideId "2300010"]
[BlackFideId "1000268"]
[EventDate "2018.01.18"]

1. d4 Nf6 2. c4 e6 3. Nf3 d5 4. e3 a6 5. b3 c5 6. Bd3 cxd4 7. exd4 b6 8. O-O Bb7
9. Bb2 Nc6 10. Nbd2 Be7 11. Qe2 O-O 12. Rac1 a5 13. a3 Rc8 14. Rfd1 Bd6 15. Ne5
Ne7 16. Ndf3 Ng6 17. Qe3 Qe7 18. Ng5 Bxe5 19. dxe5 Ng4 20. Qxb6 Qxg5 21. Qxb7
Qf4 22. h3 Qh2+ 23. Kf1 Nf4 0-1

[Event "PRO League Group Stage"]
[Site "chess.com INT"]
[Date "2018.03.07"]
[Round "9"]
[White "Obregon, Andres Carlos"]
[Black "Fedoseev, Vladimir3"]
[Result "1-0"]
[WhiteTitle "GM"]
[BlackTitle "GM"]
[WhiteElo "2514"]
[BlackElo "2724"]
[WhiteTeam "Buenos Aires Krakens"]
[BlackTeam "Saint Louis Arch Bishops"]
[WhiteFideId "111724"]
[BlackFideId "24130737"]
[EventDate "2018.01.18"]

1. d4 Nf6 2. c4 e6 3. Nf3 d5 4. Nc3 Bb4 5. Bg5 h6 6. Bxf6 Qxf6 7. Qa4+ Nc6 8.
cxd5 exd5 9. e3 O-O 10. Be2 Rd8 11. O-O Bf8 12. Rac1 Ne7 13. b4 a6 14. Qb3 Qd6
15. a4 Be6 16. b5 a5 17. Ne5 c5 18. bxc6 Nxc6 19. Nd3 Bf5 20. Nc5 Rab8 21. Bd3
Bc8 22. Nb5 Qf6 23. Nc7 Nb4 24. Bb1 h5 25. Nd3 Qg5 26. f4 Qh6 27. Ne5 Bd7 28.
Kh1 Bc6 29. Bf5 Qf6 30. Bh3 Bd6 31. Nb5 g6 32. Qd1 Qh8 33. Qf3 Qh6 34. Qg3 h4
35. Qf3 f5 36. g4 Bxe5 37. fxe5 Nd3 38. Rc3 Nb2 39. gxf5 Nxa4 40. Rg1 Rf8 41.
Rc2 Kh8 42. Rcg2 gxf5 43. Rg6 Qh7 44. Qf4 Rf7 45. Nd6 1-0

[Event "PRO League Group Stage"]
[Site "chess.com INT"]
[Date "2018.03.07"]
[Round "9"]
[White "Obregon, Andres Carlos"]
[Black "Proleiko, Julian"]
[Result "1/2-1/2"]
[WhiteTitle "GM"]
[WhiteElo "2514"]
[BlackElo "2119"]
[WhiteTeam "Buenos Aires Krakens"]
[BlackTeam "Saint Louis Arch Bishops"]
[WhiteFideId "111724"]
[BlackFideId "30900255"]
[EventDate "2018.01.18"]

1. e4 e5 2. Nf3 Nf6 3. Nxe5 d6 4. Nf3 Nxe4 5. d4 d5 6. Bd3 Bd6 7. O-O O-O 8. Nc3
Nxc3 9. bxc3 Bg4 10. Rb1 b6 11. h3 Bh5 12. c4 c6 13. cxd5 cxd5 14. c4 dxc4 15.
Bxc4 Nc6 16. Be3 Rc8 17. Bd3 Nb4 18. Bf5 Bg6 19. Bxc8 Bxb1 20. Qxb1 Qxc8 21. Rc1
Qa6 22. Ng5 Qd3 23. Qxd3 Nxd3 24. Rc6 Bf4 25. a3 h6 26. Nf3 Re8 27. Rc3 Bxe3 28.
fxe3 Rxe3 29. Kh2 f6 30. Nh4 Re4 31. Nf5 Nf4 32. Rc8+ Kh7 33. Rc7 Ne6 34. Re7
Nxd4 35. Rxe4 Nxf5 36. g4 Nd6 37. Re7 a5 38. Re6 Nc4 39. a4 Nb2 40. Re4 Nd3 41.
Re6 Nc5 42. Rxb6 Nxa4 43. Rb5 Nc3 44. Rxa5 g5 45. Kg2 Kg6 46. Kf3 Nd1 47. Rc5
Nb2 48. Ke2 Na4 49. Rc6 h5 50. Kd3 hxg4 51. hxg4 Kf7 52. Kc2 Ke7 53. Kb3 Kd7 54.
Rxf6 Nc5+ 55. Kc4 Ne4 56. Rg6 Ke7 57. Kd4 Kf7 58. Ra6 Nf6 59. Ke5 Nxg4+ 60. Kf5
Ne3+ 61. Kxg5 Nd5 62. Rd6 Ne7 63. Rf6+ Ke8 64. Re6 Kf7 65. Rd6 Ng8 66. Kf5 Ne7+
67. Ke5 Ng6+ 68. Ke4 Ne7 69. Ra6 Ng6 70. Kd5 Ne7+ 71. Kd6 Nf5+ 72. Kd7 Ng7 73.
Rb6 Nf5 74. Rb7 Ng7 75. Kd6+ Kf6 76. Kd5 Nf5 77. Rb6+ Kf7 78. Ke5 Ng7 79. Rb7+
Kg6 80. Ra7 Ne8 81. Ra1 Kf7 82. Rh1 Ng7 83. Rf1+ Ke7 84. Ra1 Kf7 85. Kd6 Nf5+
86. Kd5 Ne7+ 87. Ke4 Ke6 88. Ra6+ Kf7 89. Kf4 Ng6+ 90. Kg5 Ne7 91. Rf6+ Ke8 92.
Rd6 Kf7 93. Ra6 Kg7 94. Rf6 Ng8 95. Rf3 Nh6 96. Rg3 Ng8 97. Rf3 Nh6 98. Kh5 Ng8
99. Rg3+ Kf7 100. Kg5 Ne7 101. Rh3 Ke6 102. Rh6+ Kf7 103. Kf4 Ng6+ 104. Ke4 Ne7
105. Ke5 Ng6+ 106. Kd6 Nf8 107. Rh1 Ng6 108. Rf1+ Kg7 109. Ke6 Nf8+ 110. Ke7
Ng6+ 111. Ke8 Nh8 112. Rf2 Ng6 1/2-1/2

[Event "PRO League Group Stage"]
[Site "chess.com INT"]
[Date "2018.03.07"]
[Round "9"]
[White "Gretarsson, Helgi Ass"]
[Black "Smeets, Jan"]
[Result "0-1"]
[WhiteTitle "GM"]
[BlackTitle "GM"]
[WhiteElo "2451"]
[BlackElo "2608"]
[WhiteTeam "Reykjavik Puffins"]
[BlackTeam "Amsterdam Mosquitoes"]
[WhiteFideId "2300699"]
[BlackFideId "1007246"]
[EventDate "2018.01.18"]

1. d4 d5 2. Nf3 Nf6 3. Bg5 Ne4 4. Bf4 c5 5. e3 Qb6 6. Qc1 Nc6 7. c3 Bf5 8. Nbd2
Rc8 9. Be2 g5 10. Nxe4 dxe4 11. Nxg5 cxd4 12. exd4 h6 13. Nh3 Nxd4 14. Bd1 Rg8
15. Bg3 Qb5 16. Qe3 e5 17. Bxe5 Qxe5 18. Qxd4 Qxd4 19. cxd4 Bd6 20. g4 Bxg4 21.
Bxg4 Rxg4 22. Rg1 Rxg1+ 23. Nxg1 Bxh2 24. Ne2 Rc2 25. Nc3 f5 26. Nd1 f4 27. a4
f3 28. Ra3 Bf4 29. Nc3 Rxb2 30. Kd1 Bd6 31. Ra1 Rxf2 0-1

[Event "PRO League Group Stage"]
[Site "chess.com INT"]
[Date "2018.03.07"]
[Round "9"]
[White "Gretarsson, Helgi Ass"]
[Black "Duijn, Rob"]
[Result "1-0"]
[WhiteTitle "GM"]
[WhiteElo "2451"]
[BlackElo "2180"]
[WhiteTeam "Reykjavik Puffins"]
[BlackTeam "Amsterdam Mosquitoes"]
[WhiteFideId "2300699"]
[BlackFideId "1014501"]
[EventDate "2018.01.18"]

1. d4 d5 2. c4 c6 3. Nc3 Nf6 4. e3 Bf5 5. cxd5 cxd5 6. Qb3 Nc6 7. Qxb7 Bd7 8.
Qb3 e6 9. Bd3 Nb4 10. Bb1 Rb8 11. Qd1 Bd6 12. Nf3 O-O 13. O-O Qc7 14. a3 Nc6 15.
e4 dxe4 16. Nxe4 Nxe4 17. Bxe4 Ne7 18. Re1 Ng6 19. h4 Qa5 20. Bd2 Qh5 21. Ne5
Qxd1 22. Raxd1 Ba4 23. Rb1 Nxh4 24. Nc4 Be7 25. Bf4 Rbd8 26. b3 Bb5 27. Red1 Ng6
28. Be3 Rc8 29. a4 Bxc4 30. bxc4 Rxc4 31. a5 Ra4 32. Rb7 f5 33. Bc2 Rxa5 34. Bb3
Ra6 35. d5 exd5 36. Rxd5 Kh8 37. Bxa7 Bf6 38. Bc5 Rc8 39. Rxf5 Be5 40. g3 h6 41.
Be3 Rf6 42. Rh5 Rc7 43. Rxc7 Bxc7 44. Bd4 Rd6 45. Rxh6# 1-0

[Event "PRO League Group Stage"]
[Site "chess.com INT"]
[Date "2018.03.07"]
[Round "9"]
[White "Horton, Andrew P"]
[Black "Skoberne, Jure"]
[Result "0-1"]
[WhiteTitle "FM"]
[BlackTitle "GM"]
[WhiteElo "2397"]
[BlackElo "2553"]
[WhiteTeam "London Lions"]
[BlackTeam "Ljubljana Turtles"]
[WhiteFideId "424269"]
[BlackFideId "14604299"]
[EventDate "2018.01.18"]

1. Nf3 Nf6 2. c4 g6 3. g3 Bg7 4. Bg2 O-O 5. O-O d6 6. Nc3 e5 7. d3 Nc6 8. Rb1 a5
9. a3 Re8 10. Bg5 h6 11. Bxf6 Bxf6 12. b4 axb4 13. axb4 Bg7 14. b5 Ne7 15. Qc2
c6 16. bxc6 bxc6 17. Ra1 Be6 18. e4 Qc7 19. Nd2 Ra7 20. Rxa7 Qxa7 21. Rb1 Rd8
22. h4 f5 23. h5 f4 24. Ne2 g5 25. Qb2 g4 26. Qb7 Qxb7 27. Rxb7 f3 28. Nc3 Kf8
29. Bf1 Bf7 30. Nb3 Bxh5 31. c5 d5 32. Ra7 Be8 33. Na5 h5 34. Nb7 Rd7 35. Na4
Nc8 36. Ra8 Rxb7 37. Rxc8 d4 38. Nb6 Ke7 39. Nc4 Bd7 40. Rg8 Bf6 41. Nb6 Be6 42.
Ra8 Kf7 43. Kh2 Be7 44. Nc4 Bxc4 45. dxc4 Rb2 46. Kg1 Bxc5 47. Bd3 Rd2 48. Ra5
Rxd3 49. Rxc5 Rd1+ 50. Kh2 Rf1 51. Rxc6 Rxf2+ 52. Kg1 Rg2+ 53. Kh1 d3 54. Rd6 d2
55. c5 Re2 56. c6 Re1+ 57. Kh2 d1=Q 58. Rxd1 Rxd1 59. c7 Rc1 60. c8=Q Rxc8 61.
Kh1 Rc2 62. Kg1 Ke7 63. Kh1 Kd6 64. Kg1 Kc5 65. Kh1 Kd4 0-1

[Event "PRO League Group Stage"]
[Site "chess.com INT"]
[Date "2018.03.07"]
[Round "9"]
[White "Horton, Andrew P"]
[Black "Sebenik, Matej"]
[Result "0-1"]
[WhiteTitle "FM"]
[BlackTitle "GM"]
[WhiteElo "2397"]
[BlackElo "2551"]
[WhiteTeam "London Lions"]
[BlackTeam "Ljubljana Turtles"]
[WhiteFideId "424269"]
[BlackFideId "14602296"]
[EventDate "2018.01.18"]

1. b3 e5 2. Bb2 Nc6 3. e3 d5 4. Bb5 Bd6 5. Nf3 Qe7 6. d4 e4 7. Ne5 Qg5 8. Kf1
Ne7 9. c4 a6 10. Bxc6+ bxc6 11. c5 Bxe5 12. dxe5 a5 13. Nd2 Ng6 14. f4 Nxf4 15.
exf4 Qxf4+ 16. Nf3 Ba6+ 17. Kf2 exf3 18. Qd4 Qxd4+ 19. Bxd4 fxg2 20. Kxg2 Bd3
21. Kf2 a4 22. Rhg1 O-O 23. Ke3 Bg6 24. Kd2 Rfb8 25. Kc3 Rb5 26. h4 Kf8 27. Rgf1
Ke7 28. Rfe1 Ke6 29. Rf1 Rab8 30. bxa4 Rb4 31. Bg1 Rc4+ 32. Kd2 Rb2+ 33. Ke3
Rxa4 34. Kf3 Ra3+ 35. Kg4 h5+ 36. Kf4 Rb4+ 37. Kg5 Rg4# 0-1

[Event "PRO League Group Stage"]
[Site "chess.com INT"]
[Date "2018.03.07"]
[Round "9"]
[White "Ravuri, Vinesh"]
[Black "Dreev, Aleksey"]
[Result "0-1"]
[BlackTitle "GM"]
[WhiteElo "1990"]
[BlackElo "2653"]
[WhiteTeam "San Jose Hackers"]
[BlackTeam "San Diego Surfers"]
[WhiteFideId "45042632"]
[BlackFideId "4100107"]
[EventDate "2018.01.18"]

1. d4 d5 2. c4 c6 3. Nf3 Nf6 4. e3 Bg4 5. Nc3 e6 6. Be2 Nbd7 7. O-O Bd6 8. Nd2
Bf5 9. b3 O-O 10. Bb2 Re8 11. Bf3 Bb4 12. a3 Ba5 13. Re1 Rc8 14. b4 Bc7 15. e4
dxe4 16. Ndxe4 Nb6 17. Qe2 Nxe4 18. Nxe4 Bxe4 19. Bxe4 Qd7 20. Rad1 g6 21. Bd3
Qd8 22. Qf3 Qg5 23. Bc1 Qe7 24. Qg4 Qf6 25. Bg5 Qg7 26. Qh4 Bd8 27. Bf1 Bxg5 28.
Qxg5 Red8 29. Qa5 Ra8 30. Qc5 Rd7 31. b5 Rc8 32. bxc6 Rxc6 33. Qa5 Nxc4 34. Qxa7
Qf6 35. d5 exd5 36. Re8+ Kg7 37. Qb8 Qd6 38. Rg8+ Kf6 39. Qe8 Qe7 40. Qb8 Nd6
41. Qa7 Nf5 42. Qa8 Rdc7 43. Re8 Qd6 44. Rd8 Qe7 45. R8xd5 Kg7 46. Rd8 Rc1 47.
Rg8+ Kh6 48. Rgd8 Rxd1 49. Rxd1 Rc2 50. Qb8 Kg7 51. Qf4 Qf6 52. a4 h5 53. a5 Ra2
54. Qb4 Nh6 55. Qc5 Ng4 56. f3 Ne5 57. Qd4 Nc6 58. Qxf6+ Kxf6 59. a6 Ke7 60.
axb7 Rb2 61. Rc1 Nd8 62. Rc7+ Kd6 63. Rc8 Nxb7 64. Rf8 Ke7 65. Rc8 Nd6 66. Rc7+
Kf6 67. Rc6 Ke5 68. f4+ Ke6 69. Bc4+ Kd7 70. Rc5 Rb4 71. Bf1 Rxf4 72. Ra5 Ke6
73. g3 Rd4 74. Ra6 Rd2 75. Ra4 Ke5 76. Ra5+ Kd4 77. Ra6 Nf5 78. Rf6 Rd1 79. Rxf7
Ke5 80. Rf8 Ke6 81. Kf2 Ke7 82. Ra8 Rd2+ 83. Kg1 Nd4 84. Ra7+ Kf6 85. Rd7 Nf3+ 0-1

[Event "PRO League Group Stage"]
[Site "chess.com INT"]
[Date "2018.03.07"]
[Round "9"]
[White "Ravuri, Vinesh"]
[Black "Kiewra, Keaton"]
[Result "0-1"]
[BlackTitle "IM"]
[WhiteElo "1990"]
[BlackElo "2382"]
[WhiteTeam "San Jose Hackers"]
[BlackTeam "San Diego Surfers"]
[WhiteFideId "45042632"]
[BlackFideId "2019280"]
[EventDate "2018.01.18"]

1. d4 g6 2. c4 Bg7 3. Nc3 d6 4. Nf3 Nf6 5. g3 O-O 6. Bg2 Nbd7 7. O-O e5 8. b3
Re8 9. Bb2 e4 10. Ng5 e3 11. fxe3 h6 12. Nge4 Ng4 13. Bc1 f5 14. Nf2 Nxe3 15.
Bxe3 Rxe3 16. Nd5 Re8 17. e4 c6 18. Nf4 Nf8 19. Re1 Qf6 20. Qc2 Qxd4 21. Rad1
Qc3 22. Qb1 Qf6 23. Kh1 Bd7 24. Qd3 Rad8 25. Qxd6 Bc8 26. Qc7 Rxd1 27. Rxd1 Qf7
28. Qxf7+ Kxf7 29. Bh3 Nh7 30. exf5 gxf5 31. N2d3 Bd4 32. Bg2 Nf6 33. Bf3 Re3
34. Kg2 Ne4 35. Nf2 Bb6 36. Nxe4 fxe4 37. Be2 Rc3 38. Rd2 Bf5 39. Bh5+ Ke7 40.
Ne2 Rd3 41. Rc2 a5 42. c5 Bc7 43. h3 Be5 44. g4 Bh7 45. h4 Kf6 46. Be8 Bg8 47.
Kf2 Bd5 48. Kf1 Rh3 49. Bd7 Rxh4 50. Ke1 e3 0-1

[Event "PRO League Group Stage"]
[Site "chess.com INT"]
[Date "2018.03.07"]
[Round "9"]
[White "Checa, Nicolas"]
[Black "Tang, Andrew"]
[Result "1-0"]
[WhiteTitle "IM"]
[BlackTitle "IM"]
[WhiteElo "2486"]
[BlackElo "2513"]
[WhiteTeam "Montclair Sopranos"]
[BlackTeam "Minnesota Blizzard"]
[WhiteFideId "2069342"]
[BlackFideId "2059630"]
[EventDate "2018.01.18"]

1. d4 d5 2. c4 e6 3. Nc3 Be7 4. cxd5 exd5 5. Bf4 c6 6. Qc2 g6 7. e3 Bf5 8. Qd2
Nd7 9. f3 g5 10. Bg3 Ngf6 11. Bd3 Bg6 12. Nge2 Nh5 13. Bf2 O-O 14. O-O Re8 15.
Rae1 Bf8 16. e4 dxe4 17. Bxe4 Nb6 18. Qc2 Bg7 19. Qb3 Nf6 20. Ng3 Nxe4 21. fxe4
Bxd4 22. Rd1 Bxf2+ 23. Rxf2 Qe7 24. Rdf1 Rad8 25. Nf5 Qc5 26. Kh1 Rd7 27. h3 Rf8
28. e5 Qxe5 29. Re2 Qxf5 30. Rxf5 Bxf5 31. Re5 Bg6 32. Rxg5 Re8 33. h4 Kf8 34.
Qb4+ Ree7 35. h5 h6 36. Ra5 Bd3 37. Rxa7 Nc4 38. b3 Ne5 39. Qf4 Kg7 40. Qg3+ Kf6
41. Ra5 Bf5 42. Qf4 b5 43. Ne4+ Ke6 44. Nc5+ Kf6 45. Nxd7+ Rxd7 46. Kh2 Ng4+ 47.
Kg3 Ke6 48. Ra6 Rd6 49. Ra8 Rd3+ 50. Kh4 c5 51. Ra6+ Ke7 52. Qxf5 Rd4 53. Ra7+
Kd8 54. Qxg4 1-0

[Event "PRO League Group Stage"]
[Site "chess.com INT"]
[Date "2018.03.07"]
[Round "9"]
[White "Checa, Nicolas"]
[Black "Gurevich, Daniel"]
[Result "1-0"]
[WhiteTitle "IM"]
[BlackTitle "IM"]
[WhiteElo "2486"]
[BlackElo "2483"]
[WhiteTeam "Montclair Sopranos"]
[BlackTeam "Minnesota Blizzard"]
[WhiteFideId "2069342"]
[BlackFideId "2044676"]
[EventDate "2018.01.18"]

1. Nf3 d5 2. g3 Bg4 3. Bg2 c6 4. O-O e6 5. d4 Nd7 6. c4 Ngf6 7. b3 Be7 8. Bb2
O-O 9. Nc3 a6 10. Rc1 b5 11. cxd5 cxd5 12. Ne5 Nxe5 13. dxe5 Nd7 14. h3 Bh5 15.
g4 Bg6 16. e4 b4 17. Nxd5 exd5 18. exd5 Rc8 19. d6 Bh4 20. Rxc8 Qxc8 21. f4 Qc2
22. Qxc2 Bxc2 23. Rc1 Bd3 24. f5 Bg3 25. e6 fxe6 26. fxe6 Nc5 27. e7 Bf2+ 28.
Kh1 Rb8 29. Bd5+ Kh8 30. Bc6 Bb5 31. Bxb5 axb5 32. Rf1 1-0